[Event "17th WCh U20 Girls"]
[Site "Yerevan ARM"]
[Date "1999.09.29"]
[Round "12"]
[White "Mohota, Nisha"]
[Black "Jackova, Jana"]
[Result "0-1"]
[WhiteElo "2198"]
[BlackElo "2233"]
[EventDate "1999.09.18"]
[PlyCount "67"]

1.d4 d5 2.c4 dxc4 3.Nf3 Nf6 4.e3 e6 5.Bxc4 c5 6.O-O a6 7.a4 Nc6 8.Qe2 Qc7 
9.Nc3 Be7 10.Rd1 O-O 11.e4 Ng4 12.dxc5 Bxc5 13.Be3 Nxe3 14.fxe3 Ne5 15.Nd4
Qe7 16.Bb3 Qg5 17.h3 Ng6 18.Rf1 Kh8 19.Rae1 Bxd4 20.exd4 e5 21.dxe5 Bxh3 
22.Qf3 Be6 23.Bd5 Nxe5 24.Qe3 Qh4 25.Bxe6 fxe6 26.Rc1 Ng4 27.Qh3 Qg5 28.
Qg3 Qc5+ 29.Kh1 Nf2+ 30.Rxf2 Qxf2 31.Qxf2 Rxf2 32.b4 Rc8 33.b5 axb5 34.
axb5 0-1

[Event "17th WCh U20 Girls"]
[Site "Yerevan ARM"]
[Date "1999.09.29"]
[Round "12"]
[White "Sheldon, Ruth"]
[Black "Zaksaite, Salomeja"]
[Result "0-1"]
[WhiteElo "2310"]
[BlackElo "2087"]
[EventDate "1999.09.18"]
[PlyCount "86"]

1.d4 Nf6 2.c4 g6 3.Nc3 d5 4.cxd5 Nxd5 5.Bd2 Bg7 6.e4 Nxc3 7.Bxc3 c5 8.d5 
O-O 9.Qd2 Nd7 10.Bxg7 Kxg7 11.Bc4 Nb6 12.Bb3 e6 13.Qc3+ Kg8 14.dxe6 Bxe6 
15.Bxe6 fxe6 16.Nf3 Na4 17.Qc4 Qa5+ 18.Kf1 Rae8 19.b3 b5 20.Qc2 Nc3 21.h4 
b4 22.Rh3 Rf4 23.h5 e5 24.hxg6 hxg6 25.Kg1 Qa6 26.Qd2 Nxe4 27.Qd5+ Qe6 28.
Qb7 Qf7 29.Qc6 Qe6 30.Qb7 Qf7 31.Qa6 Kg7 32.Rd1 Nxf2 33.Kxf2 e4 34.Rdh1 
Qe6 35.Qxa7+ Kf6 36.Re1 Qd6 37.Rh7 exf3 38.Rf7+ Kg5 39.Rxe8 Qd2+ 40.Kf1 
Qxg2+ 41.Ke1 f2+ 42.Kd2 f1=Q+ 43.Ke3 Qff3# 0-1

[Event "17th WCh U20 Girls"]
[Site "Yerevan ARM"]
[Date "1999.09.29"]
[Round "12"]
[White "Vo Hong Phuong"]
[Black "Kouvatsou, Maria"]
[Result "1-0"]
[WhiteElo "2226"]
[BlackElo "2152"]
[EventDate "1999.09.18"]
[PlyCount "63"]

1.e4 c5 2.Nf3 e6 3.d4 cxd4 4.Nxd4 Nf6 5.Nc3 d6 6.Be2 a6 7.O-O Be7 8.Be3 
O-O 9.f4 Qc7 10.Kh1 Nc6 11.Qe1 Bd7 12.Qg3 Kh8 13.Rae1 b5 14.Bd3 Rac8 15.
Nxc6 Bxc6 16.Bd4 b4 17.e5 dxe5 18.fxe5 Nh5 19.Qh3 bxc3 20.Qxh5 g6 21.Qh3 
cxb2 22.Bxb2 Kg7 23.Rf4 Rb8 24.Bd4 Qa5 25.Ref1 Qd2 26.R4f2 Qb4 27.c3 Qa3 
28.Be3 h5 29.Qg3 Rb2 30.Rxf7+ Rxf7 31.Rxf7+ Kh8 32.Rh7+ 1-0

[Event "17th WCh U20 Girls"]
[Site "Yerevan ARM"]
[Date "1999.09.29"]
[Round "12"]
[White "Nill, Jessica"]
[Black "Sergeeva, Maria"]
[Result "1-0"]
[WhiteElo "2168"]
[BlackElo "2208"]
[EventDate "1999.09.18"]
[PlyCount "107"]

1.d4 Nf6 2.c4 g6 3.Nc3 Bg7 4.e4 d6 5.Nf3 O-O 6.Be2 e5 7.O-O Nc6 8.d5 Ne7 
9.b4 a5 10.Ba3 axb4 11.Bxb4 b6 12.a4 Bh6 13.Ne1 Ne8 14.Nb5 f5 15.exf5 Nxf5
16.Ra3 Qf6 17.Nc2 Bd7 18.Bf3 Nh4 19.Bg4 Bf5 20.Bxf5 gxf5 21.Rh3 Bg5 22.g3 
Ng6 23.Qh5 h6 24.f4 exf4 25.Bc3 Qf7 26.gxf4 Bxf4 27.Kh1 Ng7 28.Bxg7 Qxg7 
29.Nxc7 Qf6 30.Nxa8 Rxa8 31.Nd4 Rxa4 32.Nxf5 Ra1 33.Qxg6+ Qxg6 34.Ne7+ Kg7
35.Nxg6 Rxf1+ 36.Kg2 Kxg6 37.Kxf1 Kf5 38.Rb3 Bxh2 39.Rxb6 h5 40.Rb2 Be5 
41.Re2 h4 42.Kg2 Bg3 43.Kh3 Kg5 44.Rd2 Kf5 45.Re2 Kg5 46.Re8 Kf6 47.Kg4 
Kg6 48.Re6+ Kf7 49.Kh3 Kf8 50.c5 dxc5 51.d6 Kf7 52.d7 Kxe6 53.d8=Q Ke5 54.
Qd3 1-0

[Event "17th WCh U20 Girls"]
[Site "Yerevan ARM"]
[Date "1999.09.29"]
[Round "12"]
[White "Mkrtchian, Lilit"]
[Black "Budylina, Sofia"]
[Result "1/2-1/2"]
[WhiteElo "2295"]
[BlackElo "2032"]
[EventDate "1999.09.18"]
[PlyCount "79"]

1.e4 c5 2.Nf3 e6 3.d3 d5 4.Nbd2 Nf6 5.g3 Nc6 6.Bg2 Be7 7.O-O Qc7 8.Re1 b6 
9.Qe2 Bb7 10.c3 O-O-O 11.a3 h6 12.h4 Rhg8 13.Nf1 Nd7 14.exd5 exd5 15.Ne3 
Nf8 16.Bh3+ Kb8 17.Nf5 Ne6 18.Nxe7 Qxe7 19.Bxe6 Rge8 20.Bf4+ Ka8 21.d4 
Qxe6 22.Qxe6 Rxe6 23.Rxe6 fxe6 24.Re1 Bc8 25.Kg2 Kb7 26.h5 Ka6 27.Be5 Rd7 
28.g4 Rf7 29.Kg3 Kb5 30.Nd2 Na5 31.f4 Nc4 32.Nxc4 Kxc4 33.g5 Kb3 34.Re2 a5
35.Bd6 Kc4 36.Be5 Kb3 37.Rd2 Kc4 38.Rh2 cxd4 39.cxd4 Kb3 40.Rd2 1/2-1/2

[Event "17th WCh U20 Girls"]
[Site "Yerevan ARM"]
[Date "1999.09.29"]
[Round "12"]
[White "Machalova, Veronika"]
[Black "Tsitaishvili, Nino"]
[Result "0-1"]
[WhiteElo "2115"]
[BlackElo "2142"]
[EventDate "1999.09.18"]
[PlyCount "138"]

1.c4 c5 2.Nc3 Nc6 3.g3 e6 4.Bg2 Nge7 5.e4 g6 6.Nge2 Bg7 7.d3 O-O 8.Be3 Nd4
9.O-O d6 10.Rb1 Rb8 11.b4 b6 12.f4 Bb7 13.Nb5 Nec6 14.Nexd4 Nxd4 15.Nxd4 
Bxd4 16.Bxd4 cxd4 17.f5 Qg5 18.f6 h5 19.Qe1 e5 20.Rb2 Bc6 21.h4 Qh6 22.Bh3
b5 23.c5 dxc5 24.bxc5 b4 25.g4 hxg4 26.Bxg4 Qe3+ 27.Qxe3 dxe3 28.Rf3 Rfd8 
29.Rxe3 Rb5 30.h5 Rxc5 31.hxg6 Rc1+ 32.Kg2 Rd6 33.Rf3 fxg6 34.f7+ Kf8 35.
Rxb4 Rc2+ 36.Kg3 Rd8 37.Be6 Rc3 38.Rc4 Rxc4 39.Bxc4 Rd4 40.Rf2 Bxe4 41.Rb2
Bd5 42.Rb8+ Kxf7 43.Bxd5+ Rxd5 44.Rb3 Kf6 45.Kf3 Kf5 46.Ke3 Ra5 47.Rb2 Ra4
48.Rf2+ Rf4 49.Rc2 a5 50.Rc8 Rg4 51.Rf8+ Ke6 52.Ra8 Ra4 53.Re8+ Kf5 54.
Rf8+ Kg4 55.Rf2 g5 56.Rg2+ Kf5 57.Rf2+ Ke6 58.Rg2 g4 59.Rb2 Rb4 60.Rc2 a4 
61.Rc6+ Kf5 62.Rc2 Kg5 63.Rc5 Kf5 64.Rc2 Rf4 65.a3 g3 66.Rc1 Kg4 67.Rg1 
Rf2 68.Ra1 Rb2 69.Ke4 Re2+ 0-1

[Event "17th WCh U20 Girls"]
[Site "Yerevan ARM"]
[Date "1999.09.29"]
[Round "12"]
[White "Redondo Arguelles, Graciela"]
[Black "Sahakian, Nonna"]
[Result "0-1"]
[WhiteElo "2067"]
[BlackElo "2093"]
[EventDate "1999.09.18"]
[PlyCount "60"]

1.e4 c5 2.Nf3 d6 3.c3 Nf6 4.h3 Nc6 5.Bd3 g6 6.Bc2 Bg7 7.d4 cxd4 8.cxd4 O-O
9.O-O Nb4 10.Bb3 b6 11.Nc3 Ba6 12.e5 Ne8 13.Ng5 e6 14.Bxe6 fxe6 15.Nxe6 
Qc8 16.Nxf8 Bxf1 17.Nxg6 hxg6 18.Qxf1 dxe5 19.dxe5 Bxe5 20.Bd2 Nd6 21.Qe2 
Nc6 22.Rc1 Qe8 23.Qg4 Qf7 24.Ne4 Ne7 25.Bb4 Ndf5 26.b3 Rd8 27.Qg5 Rd4 28.
Bxe7 Rxe4 29.f3 Bd4+ 30.Kh1 Rxe7 0-1

[Event "17th WCh U20 Girls"]
[Site "Yerevan ARM"]
[Date "1999.09.30"]
[Round "13"]
[White "Goletiani, Rusudan"]
[Black "Slavina, Irina"]
[Result "1-0"]
[WhiteElo "2386"]
[BlackElo "2295"]
[EventDate "1999.09.18"]
[PlyCount "79"]

1.Nf3 g6 2.d4 Nf6 3.b3 Bg7 4.Bb2 O-O 5.e3 d6 6.c4 e5 7.dxe5 Nfd7 8.Nc3 
Nxe5 9.Be2 Nbc6 10.O-O h5 11.Qd2 Nxf3+ 12.Bxf3 Ne5 13.Be2 Bd7 14.Nd5 Bc6 
15.Rae1 Bxd5 16.Qxd5 Rb8 17.f4 Nf3+ 18.Rxf3 Bxb2 19.f5 c6 20.Qd3 Qh4 21.
Ref1 Be5 22.g3 Qg5 23.h4 Qh6 24.Bd1 g5 25.f6 gxh4 26.Kg2 Qg6 27.Qe2 Bxg3 
28.Bc2 Qg4 29.Qd3 Qg6 30.Rf5 Rfd8 31.Bd1 d5 32.c5 Bh2+ 33.Kh1 Re8 34.Bxh5 
Qg3 35.R5f3 Qe5 36.Qe2 Kf8 37.Qxh2 Qxh5 38.Rf5 Qh6 39.Qd6+ Kg8 40.Rg1+ 1-0

[Event "17th WCh U20 Girls"]
[Site "Yerevan ARM"]
[Date "1999.09.30"]
[Round "13"]
[White "Vajda, Szidonia"]
[Black "Vo Hong Phuong"]
[Result "1-0"]
[WhiteElo "2397"]
[BlackElo "2226"]
[EventDate "1999.09.18"]
[PlyCount "69"]

1.e4 d5 2.exd5 Nf6 3.Bb5+ Bd7 4.Be2 Bf5 5.d4 Nxd5 6.Nf3 e6 7.O-O Be7 8.c4 
Nb6 9.Nc3 O-O 10.Qb3 c5 11.Be3 Na6 12.Rfd1 Qc8 13.a3 cxd4 14.Nxd4 Bg6 15.
Qa2 Nc5 16.b4 Ne4 17.Nxe4 Bxe4 18.Nb5 Qb8 19.Nc3 Bf5 20.c5 Nc8 21.Bf3 Bf6 
22.Rac1 Ne7 23.Nb5 a5 24.Qb3 axb4 25.axb4 e5 26.Nd6 Be6 27.Qb1 Nc6 28.b5 
Na5 29.Qe4 Bd7 30.Ra1 Bd8 31.Nxb7 Bxb5 32.Rxd8 Rxd8 33.Nxd8 Ra6 34.Rd1 h6 
35.Qb4 1-0

[Event "17th WCh U20 Girls"]
[Site "Yerevan ARM"]
[Date "1999.09.30"]
[Round "13"]
[White "Tkeshelashvili, Sopio"]
[Black "Jackova, Jana"]
[Result "1/2-1/2"]
[WhiteElo "2284"]
[BlackElo "2233"]
[EventDate "1999.09.18"]
[PlyCount "88"]

1.d4 d5 2.c4 dxc4 3.Nf3 Nf6 4.e3 e6 5.Bxc4 c5 6.O-O a6 7.a4 Nc6 8.Qe2 Qc7 
9.Nc3 Bd6 10.Rd1 O-O 11.h3 e5 12.d5 Na5 13.Bd3 c4 14.Bc2 Bd7 15.Bd2 b5 16.
Ng5 b4 17.Nce4 Nxe4 18.Nxe4 f5 19.Nxd6 Qxd6 20.f4 Rab8 21.Qe1 Rfe8 22.Qg3 
e4 23.Be1 Rec8 24.Qg5 Qc5 25.d6 Re8 26.Rd4 h6 27.Qg3 Nc6 28.Rd2 Rbd8 29.
Rad1 Be6 30.Qh2 c3 31.bxc3 Qxe3+ 32.Bf2 Qxc3 33.Qg3 Qxg3 34.Bxg3 Rd7 35.
Bf2 Bc4 36.Be3 Rb8 37.Rc1 b3 38.Bxb3 Bxb3 39.Rxc6 Bxa4 40.Rxa6 Bb5 41.Ra5 
Bd3 42.Rd5 g6 43.Rd1 Kf7 44.Bc5 Rb2 1/2-1/2

[Event "17th WCh U20 Girls"]
[Site "Yerevan ARM"]
[Date "1999.09.30"]
[Round "13"]
[White "Sorokina, Anastasia"]
[Black "Mkrtchian, Lilit"]
[Result "0-1"]
[WhiteElo "2162"]
[BlackElo "2295"]
[EventDate "1999.09.18"]
[PlyCount "104"]

1.e4 e6 2.d4 d5 3.Nc3 Bb4 4.exd5 exd5 5.Bd3 Ne7 6.Qh5 Nbc6 7.Ne2 Be6 8.a3 
Bxc3+ 9.bxc3 Qd7 10.h3 O-O-O 11.Nf4 g6 12.Qe2 Bf5 13.Rb1 Na5 14.g4 Bxd3 
15.Nxd3 Rde8 16.Be3 f6 17.g5 Nf5 18.gxf6 Nc4 19.Nc5 Qc6 20.f7 Re7 21.O-O 
b6 22.Nd3 Rxf7 23.Bf4 Re8 24.Qf3 Re4 25.Rfe1 Qe6 26.Qh1 Nh4 27.Rxe4 dxe4 
28.Re1 Re7 29.Kf1 Nf3 30.Re2 Qf5 31.Ne5 Qxf4 32.Nxc4 Qc1+ 33.Kg2 Qg5+ 34.
Kf1 Qc1+ 35.Kg2 Qg5+ 36.Kf1 Qb5 37.Ne3 Nd2+ 38.Ke1 Nf3+ 39.Kf1 Nd2+ 40.Ke1
Qb1+ 41.Nd1 Nf3+ 42.Qxf3 exf3 43.Rxe7 Qxc2 44.Re3 Qf5 45.Nb2 Qxh3 46.Nd3 
Qh1+ 47.Kd2 Qg2 48.Re8+ Kb7 49.Ke3 Qf1 50.Ne5 Qe2+ 51.Kf4 Qxf2 52.Nd7 Qh4+
0-1

[Event "17th WCh U20 Girls"]
[Site "Yerevan ARM"]
[Date "1999.09.30"]
[Round "13"]
[White "Mohota, Nisha"]
[Black "Gritsaeva, Oxana"]
[Result "1/2-1/2"]
[WhiteElo "2198"]
[BlackElo "2248"]
[EventDate "1999.09.18"]
[PlyCount "123"]

1.d4 d5 2.c4 c6 3.Nf3 Nf6 4.Nc3 a6 5.e3 g6 6.Bd3 Bg7 7.O-O b5 8.b3 O-O 9.
Ne5 Nfd7 10.Nxd7 Qxd7 11.Bb2 Qb7 12.Qc2 Nd7 13.cxd5 cxd5 14.Nxd5 Nb6 15.
Nxb6 Qxb6 16.Be4 Bb7 17.Bxb7 Qxb7 18.Rac1 Rac8 19.Qd2 Rfd8 20.Ba3 Bf6 21.
Rxc8 Rxc8 22.Rc1 Rxc1+ 23.Bxc1 Qe4 24.h3 h5 25.Kf1 h4 26.f3 Qc6 27.Ba3 Qc7
28.e4 Qg3 29.Bc1 Qc7 30.e5 Bg7 31.Ba3 a5 32.Qc1 Qd7 33.Bc5 Qf5 34.Ke2 Kh7 
35.Bxe7 Bh6 36.Qd1 Qf4 37.Kf1 Qh2 38.Qe1 Qh1+ 39.Kf2 Qh2 40.Bxh4 Qf4 41.
Kf1 Qxd4 42.Bf2 Qd3+ 43.Kg1 Qd5 44.Qxa5 Qxe5 45.Qa7 Qd5 46.Qd4 Qe6 47.Qe4 
Qd7 48.Bd4 Bg7 49.Bxg7 Kxg7 50.f4 Qd2 51.Kh2 b4 52.Qe5+ Kg8 53.h4 Qxa2 54.
Qb8+ Kh7 55.Qxb4 Qf2 56.Kh3 Qe3+ 57.Kh2 Qf2 58.Kh3 Qe3+ 59.Kh2 Qf2 60.Kh1 
Qxh4+ 61.Kg1 Qg3 62.Qc4 1/2-1/2

[Event "17th WCh U20 Girls"]
[Site "Yerevan ARM"]
[Date "1999.09.30"]
[Round "13"]
[White "Shahade, Jennifer"]
[Black "Kouvatsou, Maria"]
[Result "1-0"]
[WhiteElo "2290"]
[BlackElo "2152"]
[EventDate "1999.09.18"]
[PlyCount "73"]

1.e4 c5 2.Nf3 e6 3.d4 cxd4 4.Nxd4 Nf6 5.Nc3 d6 6.Be2 a6 7.a4 Nc6 8.Be3 Be7
9.O-O O-O 10.f4 Qc7 11.Kh1 Re8 12.Bf3 Bf8 13.Qd3 Nb4 14.Qd2 e5 15.Nb3 exf4
16.Bxf4 Nd7 17.a5 Ne5 18.Ra4 Nbc6 19.Nd5 Qd8 20.Bg5 f6 21.Be3 Nd7 22.Qf2 
Rb8 23.Bh5 Re5 24.Bg4 Nc5 25.Nxc5 Bxg4 26.Nd3 Re8 27.Qg3 f5 28.exf5 Be2 
29.Bb6 Qc8 30.Rff4 Kh8 31.Nc7 Re7 32.Ne6 Ne5 33.Nxe5 dxe5 34.Rh4 Qxc2 35.
Qg6 Qc1+ 36.Bg1 h6 37.Ng5 1-0

[Event "17th WCh U20 Girls"]
[Site "Yerevan ARM"]
[Date "1999.09.30"]
[Round "13"]
[White "Aginian, Nelly"]
[Black "Kuang Yinghui"]
[Result "1/2-1/2"]
[WhiteElo "2170"]
[BlackElo "2202"]
[EventDate "1999.09.18"]
[PlyCount "73"]

1.e4 e5 2.Nf3 Nc6 3.Bb5 a6 4.Ba4 Nf6 5.O-O Be7 6.Re1 b5 7.Bb3 d6 8.c3 O-O 
9.h3 Na5 10.Bc2 c5 11.d4 Bb7 12.Nbd2 Qc7 13.Nf1 Nc6 14.d5 Na5 15.b3 Bc8 
16.Ng3 Nb7 17.Bd2 Bd7 18.Nh2 a5 19.a3 Ne8 20.Ng4 g6 21.Qf3 Kh8 22.Bh6 Ng7 
23.Nf6 Qd8 24.Nxd7 Qxd7 25.Qg4 Qxg4 26.hxg4 Rfb8 27.Bd3 Nd8 28.Ne2 Ne8 29.
Bd2 Nc7 30.g3 a4 31.b4 c4 32.Bc2 f6 33.Kg2 Nf7 34.Rh1 Kg7 35.f4 Rh8 36.Rh3
Rae8 37.f5 1/2-1/2

[Event "17th WCh U20 Girls"]
[Site "Yerevan ARM"]
[Date "1999.09.30"]
[Round "13"]
[White "Sergeeva, Maria"]
[Black "Sahakian, Nonna"]
[Result "0-1"]
[WhiteElo "2208"]
[BlackElo "2093"]
[EventDate "1999.09.18"]
[PlyCount "88"]

1.e4 c5 2.Nf3 d6 3.d4 cxd4 4.Nxd4 Nf6 5.Nc3 e6 6.Bg5 h6 7.Be3 a6 8.Be2 Be7
9.O-O Nbd7 10.f4 Qc7 11.Bf3 Rb8 12.a4 Nb6 13.Bf2 Nc4 14.b3 Ne3 15.Ncb5 
axb5 16.Bxe3 bxa4 17.Rxa4 b5 18.Ra2 e5 19.Nf5 Bxf5 20.exf5 e4 21.Be2 d5 
22.Ra7 Qc3 23.Qd4 Qxd4 24.Bxd4 b4 25.Rfa1 Bd6 26.R1a6 Bxf4 27.g3 Bd2 28.
Bb5+ Rxb5 29.Ra8+ Ke7 30.R6a7+ Nd7 31.Rxh8 Bc3 32.Bxc3 bxc3 33.Rc8 d4 34.
Rc4 Rd5 35.Kf1 Kf6 36.Raa4 Ke5 37.Rab4 Nf6 38.h3 d3 39.cxd3 exd3 40.Ke1 
d2+ 41.Kd1 Rd3 42.g4 Re3 43.Rd4 Re1+ 44.Kc2 Rc1+ 0-1

[Event "17th WCh U20 Girls"]
[Site "Yerevan ARM"]
[Date "1999.09.30"]
[Round "13"]
[White "Klimenko, Veronica"]
[Black "Matras, Agnieszka"]
[Result "1/2-1/2"]
[WhiteElo "2100"]
[BlackElo "2146"]
[EventDate "1999.09.18"]
[PlyCount "81"]

1.c4 e5 2.g3 Nf6 3.Bg2 Nc6 4.Nc3 Bc5 5.e3 O-O 6.Nge2 d6 7.O-O Bf5 8.d4 
exd4 9.exd4 Bb6 10.Be3 a5 11.Nf4 Qd7 12.Nfd5 Nxd5 13.Nxd5 Ba7 14.Qd2 Rfe8 
15.b3 Be4 16.a3 Bxg2 17.Kxg2 Ne7 18.Nxe7+ Qxe7 19.Rae1 Qe4+ 20.f3 Qf5 21.
d5 Bxe3 22.Rxe3 Rxe3 23.Qxe3 Kf8 24.Re1 Qd7 25.Qe4 Re8 26.Qxe8+ Qxe8 27.
Rxe8+ Kxe8 28.Kf2 Ke7 29.Ke3 Kf6 30.Ke4 Kg6 31.h4 f5+ 32.Kf4 Kf6 33.g4 
fxg4 34.fxg4 h6 35.b4 axb4 36.axb4 g5+ 37.hxg5+ hxg5+ 38.Ke4 Kg6 39.c5 Kf6
40.Kd4 Ke7 41.Kc4 1/2-1/2

[Event "17th WCh U20 Girls"]
[Site "Yerevan ARM"]
[Date "1999.09.30"]
[Round "13"]
[White "Tsitaishvili, Nino"]
[Black "Stajic, Snezana"]
[Result "1/2-1/2"]
[WhiteElo "2142"]
[BlackElo "2078"]
[EventDate "1999.09.18"]
[PlyCount "34"]

1.Nf3 Nf6 2.b3 g6 3.Bb2 Bg7 4.e3 O-O 5.Be2 c5 6.O-O b6 7.c4 Bb7 8.d3 Nc6 
9.a3 Re8 10.Nc3 d5 11.Qc2 e5 12.cxd5 Nxd5 13.Nxd5 Qxd5 14.Rfd1 Rad8 15.Ne1
Qd6 16.Bf3 Na5 17.Bc6 Bxc6 1/2-1/2